Online Catalogue and eLibrary

Towards self-reliant rural development : (Record no. 365)

MARC details
000 -LEADER
fixed length control field 00692nam a2200205 a 4500
001 - CONTROL NUMBER
control field 631216
005 - DATE AND TIME OF LATEST TRANSACTION
control field 20240212001400.0
008 - FIXED-LENGTH DATA ELEMENTS--GENERAL INFORMATION
fixed length control field 930205s1992 ce b 001 0 eng
020 ## - INTERNATIONAL STANDARD BOOK NUMBER
ISBN 9559098071 :
040 ## - CATALOGING SOURCE (பட்டியலாக்க மூலம்)
Original cataloging agency DLC
Transcribing agency DLC
Modifying agency DLC
082 ## - DDC Classification
DDC Edition Number 22
Class No. 307.72
Item Number - Author Mark PIY.
100 1# - MAIN ENTRY--PERSONAL NAME
Personal name Ratnayake, Piyadasa,
245 10 - TITLE STATEMENT
Title Towards self-reliant rural development :
Remainder of title a policy experiment in Sri Lanka /
Statement of responsibility, etc. Piyadasa Ratnayake.
260 ## - PUBLICATION, DISTRIBUTION, ETC.
Place of publication, distribution, etc. Colombo, Sri Lanka :
Name of publisher, distributor, etc. Karunaratne and Sons,
Date of publication, distribution, etc. 1992.
300 ## - PHYSICAL DESCRIPTION
Extent (e.g. Volumes, Pages etc.) xxiii, 400 p. ;
500 ## - GENERAL NOTE
General note "Publication of this book was assisted by the Toyota Foundation in Japan"--T.p. verso.
650 #0 - SUBJECT ADDED ENTRY--TOPICAL TERM
Topical term or geographic name entry element Rural development
650 #0 - SUBJECT ADDED ENTRY--TOPICAL TERM
Topical term or geographic name entry element Rural development projects
942 ## - Koha item type (Biblio)
Koha item type Books in Stacks (Lending)
Holdings
Lost status Damaged status Collection code Home library Current library Date acquired Full call number Accession Number Item type
    Lending WERC Library WERC Library 02/12/2024 307.72 PIY. 1002 Books in Stacks (Lending)

© WERC Library